[Event "Cologne Longerich op 8th"]
[Site "Cologne"]
[Date "2011.08.12"]
[Round "1"]
[White "Mladenov, Svetlin"]
[Black "Sharifi Shamili, Ashkan"]
[Result "1/2-1/2"]
[WhiteElo "2406"]
[BlackElo "1913"]
[PlyCount "79"]
[EventDate "2011.08.12"]
[EventType "swiss"]
[EventRounds "5"]
[EventCountry "GER"]
[SourceTitle "CBM 144 Extra"]
[Source "ChessBase"]
[SourceDate "2011.10.28"]
[SourceVersion "1"]
[SourceVersionDate "2011.10.28"]
[SourceQuality "1"]

1. e4 c5 2. Nf3 d6 3. d4 cxd4 4. Nxd4 Nf6 5. Nc3 g6 6. Be3 Bg7 7. f3 a6 8. Qd2 b5 9. Bh6 Bxh6 10. Qxh6 Bb7 11. 0-0-0 Nbd7 12. Kb1 Rc8 13. Bd3 Qb6 14. Nb3 Ne5 15. Rhe1 Nc4 16. Bxc4 Rxc4 17. Nd5 Nxd5 18. exd5 Qf2 19. Nd2 Qh4 20. Qe3 Rc7 21. Ne4 0-0 22. g3 Qh5 23. h4 Bxd5 24. Ng5 Bb7 25. g4 Qh6 26. h5 Rfc8 27. Re2 Qg7 28. hxg6 Qxg6 29. Rdd2 Rc5 30. f4 h6 31. Nh3 R8c7 32. Re1 Rc4 33. f5 Qg7 34. Nf2 Qg5 35. Qd3 Qf4 36. Nh3 Qf3 37. Re3 Qh1+ 38. Rd1 Qg2 39. Re2 Qf3 40. Re3 1/2-1/2